Barcelona Current Squad - Statistics

General Stats
  • This quiz has been taken 15,030 times
    10,740 since last reset
  • The average score is 22 of 29
Answers on the Map
Answers color-coded by a green-red scale on the quiz's map according to % correct below.
 
Answer Stats
# Position Player Nation % Correct
19 FW Lamine Yamal
98%
6 MF Gavi
97%
8 MF Pedri
97%
1 GK Marc-André ter Stegen
96%
9 FW Robert Lewandowski
96%
11 FW Raphinha
95%
23 DF Jules Koundé
94%
4 DF Ronald Araújo
94%
21 MF Frenkie de Jong
93%
3 DF Alejandro Balde
92%
20 MF Dani Olmo
91%
2 DF Pau Cubarsí
91%
7 FW Ferran Torres
89%
10 FW Ansu Fati
87%
Head Coach Hansi Flick
87%
15 DF Andreas Christensen
82%
16 MF Fermín López
82%
5 DF Iñigo Martínez
82%
14 MF Pablo Torre
79%
35 DF Gerard Martín
77%
13 GK Iñaki Peña
76%
24 DF Eric García
73%
17 MF Marc Casadó
66%
32 DF Héctor Fort
59%
28 MF Marc Bernal
53%
18 FW Pau Victor
50%
26 GK Ander Astralaga
25%
36 DF Sergi Domínguez
21%
39 DF Andrés Cuenca
16%
No matching quizzes found
Score Distribution
Percent of People with Each Score
Percentile by Number Answered
Your Score History
You have not taken this quiz since the last reset